| 000 | 00773nam a2200217Ii 4500 | ||
|---|---|---|---|
| 003 | JO-AjNU | ||
| 008 | 230605s9999||||xx |||||||||||||| ||und|| | ||
| 017 | _a1985/1266 | ||
| 040 |
_aJO-AjNU _bara _erda _cJO-AjNU |
||
| 041 | _aara | ||
| 050 | 1 | 4 | _aBP130.U4288 1985 |
| 100 | 3 |
_aالعمري،محمد امين بن خير الله الخطيب ، الرزو،حسن مظفر/تحقيق ودراسة, _eauthor _914559 |
|
| 245 | 0 | 0 | _aتيجان البيان في مشكلات القرآن |
| 250 | _aط1 | ||
| 264 | 3 | 1 | _aد.م:د.ن،د.ت |
| 300 | _a365ص | ||
| 336 |
_atext _btxt _2rdacontent |
||
| 337 |
_aunmediated _bn _2rdamedia |
||
| 338 |
_avolume _bnc _2rdacarrier |
||
| 650 | 4 |
_aالقرآن-سور وآيات-القرآن-تفسير-القرآن-علوم _914560 |
|
| 999 |
_aA3911 _c7479 _d7479 |
||